000 00940nam a2200277Ia 4500
003 OSt
005 20220918170417.0
006 a|||||r|||| 00| 0
007 ta
008 220917b |||||||| |||| 00| 0 eng d
020 _a9780199795550 (hbk)
_c1245
024 _a260,924
037 _b213/2011-12, 27/03/2012, Pioneer Book Distributors
_cTextual
040 _aARTS
_cARTS
_beng
041 _2eng
_aeng
082 _aR6xN24, Q1
100 _aBhushan Nalini Ed.
_928894
245 0 _aContary thinking
_b Selected essays of Daya krishna
260 _aNew York
_bOxford University Press U.S.A
_c2011
300 _axiii, 327p.
_ccm.
650 _aPHILOSOPHY
700 _a Garfield Jay L. Ed.
_928061
700 _a Raveh Daniel Ed.
_928895
942 _hR6xN24, Q1
_cTEXL
_2CC
999 _c134025
_d134025